[Event "Sant Adria de Besos op 11th"]
[Site "Sant Adria de Besos"]
[Date "2015.06.21"]
[Round "9.6"]
[White "Tarrago Domingo, Miguel"]
[Black "Moran Soria, Jorge"]
[Result "1-0"]
[WhiteElo "2120"]
[BlackElo "2001"]
[PlyCount "65"]
[EventDate "2015.04.12"]
[EventType "swiss"]
[EventRounds "9"]
[EventCountry "ESP"]
[SourceTitle "EXT 2024"]
[Source "ChessBase"]
[SourceDate "2023.10.10"]
[SourceVersion "1"]
[SourceVersionDate "2023.10.10"]
[SourceQuality "1"]

1. Nf3 Nf6 2. c4 e6 3. g3 d5 4. cxd5 exd5 5. d4 Bd6 6. Bg2 0-0 7. 0-0 Re8 8. Nc3 c6 9. Qc2 Bg4 10. a3 a5 11. Re1 Nbd7 12. Bg5 h6 13. Bxf6 Nxf6 14. e4 dxe4 15. Nxe4 Bf5 16. Nxf6+ Qxf6 17. Qc3 Be4 18. Nd2 Bxg2 19. Kxg2 Qf5 20. Nc4 Bc7 21. Rad1 Rad8 22. Kg1 Re4 23. Rxe4 Qxe4 24. Re1 Qxd4 25. Re8+ Kh7 26. Qc2+ g6 27. Re7 Rd7 28. Re4 Qf6 29. Qe2 Rd4 30. Re7 Rxc4 31. Rxc7 b5 32. Qe8 Kg7 33. Rc8 1-0

[Event "Sant Adria de Besos op 11th"]
[Site "Sant Adria de Besos"]
[Date "2015.05.31"]
[Round "6.17"]
[White "Asensio Graells, Ricard"]
[Black "Moran Soria, Jorge"]
[Result "0-1"]
[WhiteElo "1852"]
[BlackElo "2001"]
[PlyCount "80"]
[EventDate "2015.04.12"]
[EventType "swiss"]
[EventRounds "9"]
[EventCountry "ESP"]
[SourceTitle "EXT 2024"]
[Source "ChessBase"]
[SourceDate "2023.10.10"]
[SourceVersion "1"]
[SourceVersionDate "2023.10.10"]
[SourceQuality "1"]

1. Nf3 Nf6 2. g3 d5 3. d3 c5 4. Nbd2 Nc6 5. h3 e5 6. e4 Be7 7. Bg2 0-0 8. 0-0 h6 9. Re1 d4 10. Nf1 Be6 11. N3h2 Qd7 12. g4 Nh7 13. Ng3 Bg5 14. Nf3 g6 15. Nxg5 hxg5 16. Bf3 f5 17. gxf5 gxf5 18. exf5 Bxf5 19. Bxc6 Qxc6 20. Qh5 Qf6 21. Re2 Rae8 22. Bd2 Bg6 23. Qg4 Bf5 24. Nxf5 Qxf5 25. Qg2 Qf3 26. Rae1 Qxg2+ 27. Kxg2 Rf5 28. h4 Kg7 29. hxg5 Nxg5 30. f4 Nf7 31. Kf3 Kf6 32. Rg1 Rh8 33. Reg2 exf4 34. Rg6+ Ke7 35. Ke4 Rhh5 36. Bxf4 Ne5 37. Rg7+ Nf7 38. Rf1 Kf6 39. Rg2 Rh4 40. Rf3 Nd8 0-1

[Event "Barcelona Llobregat op 5th"]
[Site "Barcelona"]
[Date "2014.04.12"]
[Round "2"]
[White "Moran Soria, Jorge"]
[Black "Shatko, Danil"]
[Result "0-1"]
[WhiteElo "1978"]
[BlackElo "2271"]
[PlyCount "58"]
[EventDate "2014.04.05"]
[EventType "swiss"]
[EventRounds "8"]
[EventCountry "ESP"]
[SourceTitle "CBM 160 Extra"]
[Source "ChessBase"]
[SourceDate "2014.07.01"]
[SourceVersion "1"]
[SourceVersionDate "2014.07.01"]
[SourceQuality "1"]

1. d4 d5 2. c4 e6 3. Nc3 Bb4 4. e3 Nf6 5. Nf3 0-0 6. Bd3 c5 7. 0-0 Nbd7 8. Qe2 a6 9. a4 Rb8 10. Bd2 Re8 11. Rfd1 Nf8 12. Na2 Bxd2 13. Rxd2 cxd4 14. exd4 Ng6 15. g3 Qa5 16. Bc2 dxc4 17. Qxc4 b5 18. Qc5 Bb7 19. b4 Qd8 20. Ne1 Rc8 21. Qg5 Qd7 22. a5 Rc4 23. Rad1 Rec8 24. f3 Bxf3 25. Nxf3 Rxc2 26. Ne5 Qd5 27. Rxc2 Rxc2 28. Rd2 Rxd2 29. Qxd2 Nxe5 0-1

[Event "Foment Martinenc op-A 15th"]
[Site "Barcelona"]
[Date "2013.05.18"]
[Round "5"]
[White "Torres Maiquez, Sergio"]
[Black "Moran Soria, Jorge"]
[Result "1-0"]
[WhiteElo "1936"]
[BlackElo "1795"]
[PlyCount "69"]
[EventDate "2013.04.20"]
[EventType "swiss"]
[EventRounds "9"]
[EventCountry "ESP"]
[SourceTitle "CBM 154 Extra"]
[Source "ChessBase"]
[SourceDate "2013.06.25"]
[SourceVersion "2"]
[SourceVersionDate "2013.06.25"]
[SourceQuality "1"]

1. e4 e6 2. d4 d5 3. Nc3 Nf6 4. Bg5 Be7 5. e5 Nfd7 6. Bxe7 Qxe7 7. f4 a6 8. Nf3 c5 9. Qd2 Nc6 10. 0-0-0 0-0 11. h4 b5 12. dxc5 Nxc5 13. Bd3 f6 14. exf6 Qxf6 15. Ng5 Nxd3+ 16. Qxd3 Qxf4+ 17. Kb1 Qf5 18. Qe2 Bd7 19. Nce4 Qe5 20. Qh5 Qf5 21. g4 Qg6 22. Qxg6 hxg6 23. Nc5 Ra7 24. Ncxe6 Rf6 25. Nc5 Bxg4 26. Rxd5 Bf5 27. Rhd1 Bxc2+ 28. Kxc2 Nb4+ 29. Kb3 Nxd5 30. Rxd5 Rf5 31. Rd8+ Rf8 32. Rd6 Rf6 33. Nce6 Ra8 34. Rd7 Re8 35. Rxg7+ 1-0

[Event "Sant Adria de Besos op 09th"]
[Site "Sant Adria de Besos"]
[Date "2013.05.12"]
[Round "5"]
[White "Vigo Allepuz, David"]
[Black "Moran Soria, Jorge"]
[Result "1-0"]
[WhiteElo "2080"]
[BlackElo "1795"]
[PlyCount "101"]
[EventDate "2013.04.14"]
[EventType "swiss"]
[EventRounds "9"]
[EventCountry "ESP"]
[SourceTitle "EXT 2015"]
[Source "ChessBase"]
[SourceDate "2014.11.20"]
[SourceVersion "1"]
[SourceVersionDate "2014.11.20"]
[SourceQuality "1"]

1. d4 d5 2. Bg5 Nf6 3. Bxf6 exf6 4. e3 Bd6 5. c4 Bb4+ 6. Nc3 c6 7. cxd5 Qxd5 8. Nge2 0-0 9. a3 Bxc3+ 10. Nxc3 Qd6 11. Bd3 Be6 12. 0-0 Nd7 13. Qh5 g6 14. Qh4 Kg7 15. Rac1 Rfe8 16. Ne4 Qe7 17. Nc5 Nxc5 18. Rxc5 Rad8 19. Qg3 Rd5 20. b4 Red8 21. Rfc1 a6 22. Be4 Rxc5 23. bxc5 Bd5 24. Bd3 Rd7 25. Rb1 Be4 26. Bxe4 Qxe4 27. Ra1 Qc2 28. Qg4 Qb2 29. Qd1 f5 30. g3 h5 31. Qc1 Qxc1+ 32. Rxc1 Kf6 33. Kf1 Ke6 34. Ke2 Kd5 35. Kd3 Re7 36. Rb1 f6 37. Rb6 g5 38. f3 g4 39. fxg4 fxg4 40. Rb2 f5 41. Rf2 Rf7 42. Rf4 Rf6 43. Kc3 Rf7 44. Kb4 Ke6 45. Ka5 Re7 46. e4 fxe4 47. Rxe4+ Kd7 48. Rxe7+ Kxe7 49. Kb6 Ke6 50. Kxb7 Kd5 51. Kxa6 1-0

[Event "Sant Adria de Besos op 09th"]
[Site "Sant Adria de Besos"]
[Date "2013.05.05"]
[Round "4"]
[White "Moran Soria, Jorge"]
[Black "Walter Travella, German"]
[Result "1-0"]
[WhiteElo "1795"]
[BlackElo "1985"]
[PlyCount "97"]
[EventDate "2013.04.14"]
[EventType "swiss"]
[EventRounds "9"]
[EventCountry "ESP"]
[SourceTitle "EXT 2015"]
[Source "ChessBase"]
[SourceDate "2014.11.20"]
[SourceVersion "1"]
[SourceVersionDate "2014.11.20"]
[SourceQuality "1"]

1. d4 Nf6 2. c4 c5 3. d5 g6 4. Nc3 Bg7 5. e4 d6 6. Nf3 0-0 7. Be2 Bg4 8. 0-0 Nbd7 9. Be3 Ne8 10. Qd2 Qa5 11. Rac1 Bxc3 12. Qxc3 Qxc3 13. Rxc3 Nef6 14. Bd3 Bxf3 15. gxf3 Kg7 16. h3 Ng8 17. f4 f5 18. f3 Rf7 19. Rcc1 Raf8 20. Kh2 Nh6 21. Rc2 a5 22. b3 a4 23. bxa4 Ra8 24. Rb2 Rxa4 25. Rff2 b6 26. Kg2 Rf8 27. Rfe2 Rfa8 28. Kf2 Ra3 29. Red2 Rc3 30. Ke2 Raa3 31. Rbc2 Rxc2 32. Rxc2 Ra4 33. Bc1 b5 34. cxb5 Nb6 35. Ke3 Kf7 36. Rb2 c4 37. Bb1 Ra3+ 38. Ke2 fxe4 39. Bxe4 Ke8 40. Be3 c3 41. Rc2 Nc4 42. Bd4 Ra5 43. Bd3 Na3 44. Bxc3 Ra4 45. Rb2 Kd7 46. Rb4 Ra8 47. b6 Nf5 48. b7 Rb8 49. Bb2 1-0

[Event "Foment Martinenc op-A 15th"]
[Site "Barcelona"]
[Date "2013.04.20"]
[Round "1"]
[White "Cervello Tost, Ferran"]
[Black "Moran Soria, Jorge"]
[Result "1-0"]
[WhiteElo "2027"]
[BlackElo "1795"]
[PlyCount "71"]
[EventDate "2013.04.20"]
[EventType "swiss"]
[EventRounds "9"]
[EventCountry "ESP"]
[SourceTitle "CBM 154 Extra"]
[Source "ChessBase"]
[SourceDate "2013.06.25"]
[SourceVersion "2"]
[SourceVersionDate "2013.06.25"]
[SourceQuality "1"]

1. d4 d5 2. g3 Nf6 3. Bg2 Bf5 4. Nf3 e6 5. 0-0 Bd6 6. c4 c6 7. Nc3 Nbd7 8. Nd2 0-0 9. e4 dxe4 10. Ndxe4 Be7 11. Bf4 Nxe4 12. Nxe4 Nf6 13. Nc3 Bd6 14. Be3 Qe7 15. Qb3 Rfd8 16. Rfe1 Bb4 17. a3 Ba5 18. Rad1 Bg4 19. Rc1 Rd7 20. Qa4 Qd8 21. b4 Bb6 22. c5 Bc7 23. b5 cxb5 24. Qxb5 Ba5 25. h3 a6 26. Qa4 Bf5 27. g4 Bd3 28. Red1 Bg6 29. c6 b5 30. Qb3 Rc7 31. Bf4 Raa7 32. Bxc7 Rxc7 33. d5 exd5 34. Nxd5 Nxd5 35. Rxd5 Qe7 36. a4 1-0

[Event "Cerdanyola del Valles op 31st"]
[Site "Cerdanyola del Valles"]
[Date "2013.??.??"]
[Round "4"]
[White "Moran Soria, Jorge"]
[Black "Povill Claros, Xavier"]
[Result "1/2-1/2"]
[WhiteElo "1803"]
[BlackElo "1856"]
[PlyCount "69"]
[EventDate "2013.10.05"]
[EventType "swiss"]
[EventRounds "8"]
[EventCountry "ESP"]
[SourceTitle "CBM 157 Extra"]
[Source "ChessBase"]
[SourceDate "2013.12.19"]
[SourceVersion "1"]
[SourceVersionDate "2013.12.19"]
[SourceQuality "1"]

1. d4 Nf6 2. c4 e6 3. Nc3 Bb4 4. Nf3 0-0 5. Bg5 b6 6. e3 Bb7 7. Nd2 h6 8. Bh4 c5 9. a3 Bxc3 10. bxc3 d6 11. f3 Nbd7 12. Bd3 Qe8 13. 0-0 e5 14. d5 g5 15. Bf2 Nh5 16. Qc2 Ng7 17. g4 Bc8 18. Kg2 Nb8 19. Ne4 Qd8 20. Ng3 Bd7 21. a4 Qc8 22. e4 h5 23. Nf5 Nxf5 24. exf5 f6 25. Be3 Kf7 26. h3 Na6 27. Kg3 h4+ 28. Kh2 Nc7 29. Rab1 Qb7 30. Be4 Na6 31. Qb2 Rfb8 32. Qc1 Rg8 33. Qb2 Rgb8 34. Qc1 Rg8 35. Qb2 1/2-1/2

[Event "Llinars del Valles op-B 6th"]
[Site "Llinars del Valles"]
[Date "2012.05.05"]
[Round "4"]
[White "Caro Garre, Joan"]
[Black "Moran Soria, Jorge"]
[Result "1-0"]
[WhiteElo "1468"]
[BlackElo "1807"]
[PlyCount "31"]
[EventDate "2012.04.14"]
[EventType "swiss"]
[EventRounds "9"]
[EventCountry "ESP"]
[SourceTitle "EXT 2013"]
[Source "ChessBase"]
[SourceDate "2012.11.22"]
[SourceVersion "1"]
[SourceVersionDate "2012.11.22"]
[SourceQuality "1"]

1. d4 d5 2. c4 c6 3. e3 Nf6 4. Nf3 e6 5. Nbd2 Bd6 6. b3 Nbd7 7. Bb2 0-0 8. Bd3 c5 9. 0-0 b6 10. Ne5 Bb7 11. f4 Ne4 12. Rf3 Nxd2 13. Bxh7+ Kh8 14. Rh3 Bxe5 15. Bd3+ Kg8 16. Rh8+ 1-0

[Event "Mollet del Valles 80 Anniv op-B"]
[Site "Mollet del Valles"]
[Date "2011.12.04"]
[Round "1.2"]
[White "Cornejo Vera, Danilo"]
[Black "Moran Soria, Jorge"]
[Result "1-0"]
[WhiteElo "1705"]
[BlackElo "1863"]
[PlyCount "41"]
[EventDate "2011.12.04"]
[EventType "swiss"]
[EventRounds "8"]
[EventCountry "ESP"]
[SourceTitle "EXT 2024"]
[Source "ChessBase"]
[SourceDate "2023.10.10"]
[SourceVersion "1"]
[SourceVersionDate "2023.10.10"]
[SourceQuality "1"]

1. d4 d5 2. c4 Nc6 3. Nc3 dxc4 4. d5 Ne5 5. f4 Nd7 6. e4 Nb6 7. Be3 e6 8. Bxc4 Nxc4 9. Qa4+ Bd7 10. Qxc4 Nf6 11. 0-0-0 exd5 12. Nxd5 c6 13. Nxf6+ Qxf6 14. Nf3 Be7 15. f5 Bxf5 16. exf5 Qxf5 17. Qd3 Qe6 18. Qb3 Qxb3 19. axb3 f6 20. Rhe1 Kf7 21. Rd7 1-0

[Event "Barcelona Sant Marti op 04th"]
[Site "Barcelona"]
[Date "2002.05.18"]
[Round "7.19"]
[White "Pujal Moncho, Joaquim"]
[Black "Moran Soria, Jorge"]
[Result "1/2-1/2"]
[WhiteElo "2035"]
[BlackElo "1845"]
[PlyCount "99"]
[EventDate "2002.04.06"]
[EventType "swiss"]
[EventRounds "9"]
[EventCountry "ESP"]
[SourceTitle "EXT 2003"]
[Source "ChessBase"]
[SourceDate "2002.11.25"]
[SourceVersion "1"]
[SourceVersionDate "2002.11.25"]
[SourceQuality "1"]

1. c4 c5 2. Nc3 Nc6 3. g3 g6 4. Bg2 Bg7 5. e4 e5 6. d3 Nge7 7. Nge2 0-0 8. 0-0 d6 9. f4 Bg4 10. h3 Bd7 11. Kh2 Nd4 12. Nxd4 cxd4 13. Ne2 Rb8 14. Bd2 b5 15. b3 bxc4 16. bxc4 Rb2 17. Qc1 Qb8 18. Rb1 Rxb1 19. Qxb1 Qc7 20. Qc2 Rb8 21. a3 Qb6 22. Rc1 Nc6 23. g4 Qb2 24. a4 Qxc2 25. Rxc2 Rb3 26. Nc1 Nb4 27. Nxb3 Nxc2 28. a5 Ba4 29. Nc1 Bh6 30. g5 Bf8 31. f5 Be7 32. h4 Kf8 33. Kg3 Bd7 34. Bh3 gxf5 35. exf5 Bd8 36. Bg4 Kg8 37. f6 Bxg4 38. Kxg4 h6 39. Nb3 Ne3+ 40. Bxe3 dxe3 41. Kf3 e2 42. Kxe2 a6 43. Ke3 hxg5 44. hxg5 Kh7 45. c5 dxc5 46. Nxc5 Bxa5 47. Nxa6 Kg6 48. Ke4 Kxg5 49. Kxe5 Bc3+ 50. d4 1/2-1/2

[Event "Barcelona Sant Marti op 04th"]
[Site "Barcelona"]
[Date "2002.04.13"]
[Round "2.37"]
[White "Lluis Alabedra, Alvar"]
[Black "Moran Soria, Jorge"]
[Result "0-1"]
[WhiteElo "1710"]
[BlackElo "1845"]
[PlyCount "96"]
[EventDate "2002.04.06"]
[EventType "swiss"]
[EventRounds "9"]
[EventCountry "ESP"]
[SourceTitle "EXT 2003"]
[Source "ChessBase"]
[SourceDate "2002.11.25"]
[SourceVersion "1"]
[SourceVersionDate "2002.11.25"]
[SourceQuality "1"]

1. e4 c5 2. Nf3 Nc6 3. d4 cxd4 4. Nxd4 Nf6 5. Nc3 e5 6. Nf3 Bb4 7. Bd2 0-0 8. a3 Bxc3 9. Bxc3 Nxe4 10. Nxe5 Nxc3 11. Nxc6 dxc6 12. bxc3 Qxd1+ 13. Rxd1 Bf5 14. Bd3 Rfe8+ 15. Kd2 Bxd3 16. cxd3 Re7 17. Rhe1 Rae8 18. Re3 Rxe3 19. fxe3 Re5 20. Rb1 b6 21. Rb4 Kf8 22. Ra4 a5 23. Rd4 Ke7 24. g4 c5 25. Rf4 g5 26. Rf5 Rxf5 27. gxf5 Kf6 28. e4 Ke5 29. Ke3 b5 30. d4+ cxd4+ 31. cxd4+ Kd6 32. Kd3 h5 33. e5+ Kd5 34. e6 fxe6 35. f6 Kd6 36. Ke4 g4 37. Kf4 h4 38. Kxg4 b4 39. axb4 axb4 40. Kg5 b3 41. Kg6 b2 42. f7 b1Q+ 43. Kg7 Qg1+ 44. Kf8 Qxd4 45. Ke8 Qa4+ 46. Kf8 e5 47. h3 Qa8+ 48. Kg7 Ke7 0-1